000 00977nam a22002651 4500
001 176841
003 ES-MaACL
005 20250822062536.0
008 110214s1957 sp af ||||0| spa d
080 _a75 Goya
100 1 _aWight, Frederick S.
_9116792
245 1 1 _a(Francisco José de Goya y Lucientes) Goya
_b: (1746-1828) /
_ctexto de Frederick S. Wight ; traducción de R. Santos Torroella.
260 _aBarcelona :
_bTimun Mas,
_ccop. 1957.
300 _a[1] h. , [72] p. :
_bil. , lám. col. y n. , algunas pleg. ;
_c18 cm.
490 1 _aEl libro de arte de bolsillo
500 _aEncuadernado con otros títulos.
504 _aBibliografía: p. [72]
597 _aEn el lomo: Tomos XII-XV.
600 1 4 _aGoya, Francisco de,
_d1746-1828
_9240353
700 1 _aSantos Torroella, Rafael.
_9103536
830 0 _aEl libro de arte de bolsillo
_9183601
852 _aES-MaACL
_jE-14307 (13)
_xOlim P-144
942 _2udc
999 _c176841
_d176841